Top 10 Largest Countries to Only Have one Time Zone - Statistics

General Stats
  • This quiz has been taken 741 times
  • The average score is 6 of 10
Answer Stats
Area Country % Correct
9.6 mil China
92%
3.3 mil India
76%
2.8 mil Argentina
68%
2.4 mil Algeria
56%
1.6 mil Iran
52%
2.1 mil Saudi Arabia
50%
1.9 mil Sudan
45%
1.8 mil Libya
44%
1.3 mil Peru
43%
1.3 mil Chad
39%
No matching quizzes found
Score Distribution
Percent of People with Each Score
Percentile by Number Answered
Your Score History
You have not taken this quiz